[Event "SR Extraliga 2016/2017"]
[Site "?"]
[Date "2017.01.15"]
[Round "6.3"]
[White "Jablonicky, Martin"]
[Black "Mrva, Martin"]
[Result "0-1"]
[WhiteElo "2261"]
[BlackElo "2401"]
[PlyCount "118"]
[EventDate "2016.??.??"]

1. d4 d6 2. Bf4 g6 3. Nf3 Bg7 4. e3 Nc6 5. h3 Bd7 6. Bh2 e5 7. Be2 Nge7 8. O-O
O-O 9. c3 Nf5 10. Nbd2 Re8 11. d5 Nb8 12. Qb3 Bc8 13. Rac1 Nd7 14. Qc2 a5 15.
b4 Bh6 16. Rfe1 Ng7 17. bxa5 Rxa5 18. c4 b6 19. Nb3 Ra8 20. Ra1 Nc5 21. Nxc5
bxc5 22. a4 f5 23. Qc3 Nh5 24. Ra3 Nf6 25. Nd2 e4 26. a5 Nd7 27. Bd1 Bg7 28.
Qc1 Ne5 29. Ba4 Rf8 30. Bxe5 Bxe5 31. Bc6 Ra7 32. f4 Bg7 33. g3 Bd7 34. Bxd7
Qxd7 35. Qc2 Rfa8 36. Rb1 Rxa5 37. Rxa5 Rxa5 38. Rb8+ Kf7 39. Qb3 g5 40. fxg5
f4 41. g6+ hxg6 42. Nxe4 Ra1+ 43. Kg2 Qf5 44. Nxd6+ cxd6 45. Qb7+ Kf6 46. Qb2+
Qe5 47. Qxe5+ Kxe5 48. Re8+ Kf5 49. gxf4 g5 50. Re7 Bb2 51. fxg5 Kxg5 52. Re4
Be5 53. Rg4+ Kf5 54. Kf3 Rh1 55. Rh4 Rg1 56. Rh6 Kg5 57. Rh7 Rc1 58. h4+ Kg6
59. Re7 Rxc4 0-1

[Event "SR Extraliga 2016/2017"]
[Site "?"]
[Date "2017.01.15"]
[Round "6.4"]
[White "Gazik, Viktor"]
[Black "Karas, Marek"]
[Result "1-0"]
[WhiteElo "2408"]
[BlackElo "2245"]
[PlyCount "61"]
[EventDate "2016.??.??"]

1. Nf3 Nf6 2. g3 g6 3. Bg2 Bg7 4. O-O O-O 5. d4 d5 6. c4 c6 7. cxd5 cxd5 8. Ne5
Nc6 9. Nc3 e6 10. Bf4 Nd7 11. Nxc6 bxc6 12. Na4 e5 13. dxe5 Nxe5 14. Rc1 Bd7
15. b3 Rc8 16. Qd2 Re8 17. Bg5 f6 18. Be3 Rc7 19. Qa5 Rc8 20. Qxd8 Rexd8 21.
Bxa7 Bh6 22. f4 Nf7 23. Bd4 Bg4 24. Nb6 Rb8 25. Rxc6 Bxe2 26. Re1 Bb5 27. Rc7
Re8 28. Rxe8+ Rxe8 29. Bxd5 Re1+ 30. Kf2 Re2+ 31. Kf3 1-0

[Event "SR Extraliga 2016/2017"]
[Site "?"]
[Date "2017.01.15"]
[Round "6.5"]
[White "Sahidi, Samir"]
[Black "Pinter, Erik"]
[Result "0-1"]
[WhiteElo "2262"]
[BlackElo "2386"]
[PlyCount "110"]
[EventDate "2016.??.??"]

1. c4 c5 2. Nc3 Nc6 3. g3 g6 4. Rb1 Bg7 5. d3 d6 6. Bd2 Qd7 7. Bg2 b6 8. Nf3
Bb7 9. O-O e6 10. a3 Nge7 11. b4 O-O 12. bxc5 dxc5 13. Qc1 Nf5 14. Ne4 Ncd4 15.
Nxd4 Nxd4 16. Re1 Bc6 17. Nc3 Rab8 18. Bxc6 Nxc6 19. Nb5 Rb7 20. a4 a6 21. Nc3
Rfb8 22. Qa3 Nb4 23. Rec1 a5 24. Nb5 Rd8 25. Bxb4 axb4 26. Qb3 Ra8 27. Rc2 Qd8
28. e3 e5 29. Rd1 Rd7 30. Rcd2 Bh6 31. Ra2 Bg7 32. e4 h5 33. Kf1 h4 34. Qc2 Bh6
35. Qe2 Kg7 36. Qf3 Ra5 37. Qe2 Qe7 38. Qg4 Rd8 39. gxh4 Bf4 40. h5 Rh8 41.
hxg6 fxg6 42. h3 Raa8 43. Ke2 Rh4 44. Qg2 Qd7 45. Rg1 g5 46. Rga1 Ra5 47. Rh1
Kf6 48. Qf3 Ra8 49. d4 cxd4 50. Rb2 Rah8 51. Rg1 Rxh3 52. Qg2 b3 53. Kd1 Qc6
54. Qg4 Qxe4 55. Qd7 Rd3+ 0-1

[Event "SR Extraliga 2016/2017"]
[Site "?"]
[Date "2017.01.15"]
[Round "6.6"]
[White "Krak, Tomas"]
[Black "Jozefek, Michal"]
[Result "1-0"]
[WhiteElo "2311"]
[BlackElo "2185"]
[PlyCount "121"]
[EventDate "2016.??.??"]

1. Nf3 Nf6 2. c4 c5 3. Nc3 Nc6 4. e3 g6 5. d4 cxd4 6. exd4 d5 7. cxd5 Nxd5 8.
Qb3 Nxc3 9. Bc4 Nd5 10. Bxd5 e6 11. Bxc6+ bxc6 12. O-O Bg7 13. Be3 O-O 14. Rfc1
Qd6 15. Rc5 Bd7 16. Qc3 Rfb8 17. Rc1 Rb5 18. Ne5 Rxc5 19. Qxc5 Qxc5 20. Rxc5
Bxe5 21. dxe5 Rb8 22. b3 a6 23. Rc3 Rb5 24. Bc5 Kg7 25. a4 Rb7 26. Rf3 Bc8 27.
h4 Rd7 28. Bd6 Bb7 29. g4 g5 30. Rd3 Bc8 31. hxg5 Rb7 32. a5 Bd7 33. Bc5 Rb5
34. b4 Rb7 35. f4 Kg8 36. Kf2 Kg7 37. Ke3 Kg8 38. Rd2 Kg7 39. Ke4 Kg8 40. Rd6
Kg7 41. Kd4 Kg8 42. Kc4 Kg7 43. Bb6 c5 44. bxc5 Bb5+ 45. Kd4 Rd7 46. Ke4 Kf8
47. Bd8 Ke8 48. Bf6 Rxd6 49. exd6 Kd7 50. Ke5 Be2 51. Be7 Bxg4 52. Bf8 Bf3 53.
Kf6 Ke8 54. Kg7 Be4 55. Be7 Bd5 56. Kxh7 Bc6 57. Kg7 Be4 58. Kf6 Bc6 59. g6
fxg6 60. Kxe6 Bb5 61. Kf6 1-0

[Event "SR Extraliga 2016/2017"]
[Site "?"]
[Date "2017.01.15"]
[Round "6.7"]
[White "Bury, Rastislav"]
[Black "Gazik, Igor"]
[Result "1-0"]
[WhiteElo "2156"]
[BlackElo "2299"]
[PlyCount "67"]
[EventDate "2016.??.??"]

1. d4 Nf6 2. Nf3 g6 3. g3 Bg7 4. Bg2 O-O 5. O-O d6 6. c4 Nc6 7. Nc3 a6 8. Qd3
Rb8 9. d5 Na7 10. a4 a5 11. e4 e5 12. Be3 Ra8 13. h3 Nd7 14. Nd2 Nc5 15. Qc2
Bd7 16. Rae1 g5 17. f4 gxf4 18. gxf4 exf4 19. Bxf4 Qh4 20. Kh2 Rae8 21. Bg3 Be5
22. Re3 Nc8 23. Nb5 Kh8 24. Nxc7 Rg8 25. Rff3 Rxg3 26. Rxg3 Rg8 27. Nf1 Ne7 28.
Qf2 Bxg3+ 29. Rxg3 Ng6 30. Nb5 Bxb5 31. axb5 Nxe4 32. Qd4+ Nf6 33. Rg4 Qxg4 34.
Qxf6+ 1-0

[Event "SR Extraliga 2016/2017"]
[Site "?"]
[Date "2017.01.15"]
[Round "6.8"]
[White "Pcola, Jaroslav"]
[Black "Spacek, Oliver"]
[Result "0-1"]
[WhiteElo "2073"]
[BlackElo "2113"]
[PlyCount "120"]
[EventDate "2016.??.??"]

1. e4 c5 2. Nf3 e6 3. d4 cxd4 4. Nxd4 a6 5. Nc3 b5 6. Bd3 Qb6 7. Nf3 Qc7 8. O-O
Bb7 9. Re1 b4 10. Na4 Nf6 11. c3 d5 12. exd5 Bxd5 13. Be3 Nbd7 14. Rc1 Qb7 15.
c4 Bc6 16. c5 Be7 17. Nd4 Ne5 18. Nxc6 Nxd3 19. Qxd3 Qxc6 20. Nb6 Ra7 21. Nc4
O-O 22. Ne5 Qd5 23. c6 Rc7 24. Bb6 Qxd3 25. Nxd3 Rcc8 26. Rc4 Nd5 27. Ba5 Rfe8
28. Rec1 e5 29. Nxb4 Nf4 30. R1c2 Ne6 31. Kf1 Nd4 32. Rc1 Bg5 33. Rd1 Re6 34.
c7 h5 35. g3 Kh7 36. f4 Be7 37. fxe5 Nf3 38. Nd5 Bg5 39. Nf4 Rxe5 40. Rd8 Bxd8
41. cxd8=Q Rxd8 42. Bxd8 Nd2+ 43. Kf2 Nxc4 44. b3 Re8 45. bxc4 Rxd8 46. Ke3 g5
47. Nd3 Kg6 48. a4 a5 49. Ne5+ Kf6 50. Nc6 Rc8 51. Nxa5 Rc5 52. Nb7 Rxc4 53. a5
Ra4 54. Kd3 h4 55. Kc3 Ra2 56. gxh4 gxh4 57. h3 Ra3+ 58. Kb2 Rxh3 59. a6 Re3
60. Nc5 Re7 0-1

[Event "SR Extraliga 2016/2017"]
[Site "?"]
[Date "2017.01.15"]
[Round "6.1"]
[White "Banusz, Tamas"]
[Black "Jurcik, Martin"]
[Result "1-0"]
[WhiteElo "2620"]
[BlackElo "2324"]
[PlyCount "103"]
[EventDate "2016.??.??"]

1. Nf3 Nf6 2. c4 g6 3. g3 Bg7 4. Bg2 O-O 5. O-O c6 6. b3 Ne4 7. d4 d5 8. Bb2
Bf5 9. e3 Nd7 10. Qe2 Qa5 11. Rc1 Rac8 12. Nc3 Qa6 13. Nxe4 Bxe4 14. Bf1 Bf5
15. Nh4 Be6 16. Qd2 Qb6 17. Ng2 f5 18. Nf4 Bf7 19. Ba3 c5 20. dxc5 Nxc5 21.
Rab1 Ne4 22. Qb4 d4 23. Qxb6 axb6 24. Bxe7 Rfe8 25. Bb4 dxe3 26. fxe3 Rcd8 27.
Rd1 Bc3 28. Rxd8 Rxd8 29. Bxc3 Nxc3 30. Rb2 Rd1 31. Rc2 Ne4 32. Kg2 Nf6 33. Be2
Rd7 34. Kf2 g5 35. Nd3 Ne4+ 36. Ke1 Re7 37. Bf3 Bg6 38. Bxe4 Rxe4 39. Kd2 Re7
40. Rc3 Rd7 41. Ke2 Kg7 42. Nf2 Re7 43. Kd2 Bh5 44. Nh3 h6 45. Rd3 Bf3 46. Rd4
Bc6 47. a4 Re5 48. Nf2 Re7 49. Nd3 Be4 50. Rd6 h5 51. Nf2 Bc6 52. Nh3 1-0

[Event "SR Extraliga 2016/2017"]
[Site "?"]
[Date "2017.01.15"]
[Round "6.2"]
[White "Kantorik, Marian"]
[Black "Papp, Gabor"]
[Result "1/2-1/2"]
[WhiteElo "2252"]
[BlackElo "2583"]
[PlyCount "143"]
[EventDate "2016.??.??"]

1. d4 Nf6 2. c4 e6 3. Nf3 c5 4. d5 exd5 5. cxd5 d6 6. Nc3 g6 7. h3 Bg7 8. e4
O-O 9. Bd3 b5 10. Bxb5 Nxe4 11. Nxe4 Qa5+ 12. Nfd2 Qxb5 13. Nxd6 Qa6 14. N2c4
Nd7 15. O-O Ne5 16. Nxc8 Raxc8 17. Nxe5 Bxe5 18. Re1 Qd6 19. Rb1 Rfd8 20. b3
Bd4 21. Qf3 Kg7 22. Bb2 Qxd5 23. Qxd5 Rxd5 24. Red1 Rcd8 25. Rd3 Bxb2 26. Rxd5
Rxd5 27. Rxb2 Rd1+ 28. Kh2 Rc1 29. Rd2 c4 30. Rd7 a5 31. Rd5 Rc2 32. Rxa5 cxb3
33. axb3 Rxf2 34. Rc5 Rb2 35. Rc3 g5 36. Kg3 h5 37. Kf3 h4 38. g3 Rh2 39. Kg4
Rg2 40. Kh5 Rxg3 41. Rc5 Rxb3 42. Kxg5 Rxh3 43. Kg4 Rh1 44. Ra5 Kg6 45. Ra6+ f6
46. Rb6 h3 47. Kg3 Kg5 48. Rb8 f5 49. Rg8+ Kf6 50. Rf8+ Ke5 51. Re8+ Kd4 52.
Rd8+ Ke3 53. Re8+ Kd3 54. Rd8+ Ke2 55. Re8+ Kd3 56. Rd8+ Ke3 57. Re8+ Kd4 58.
Rd8+ Ke5 59. Re8+ Kf6 60. Rf8+ Kg6 61. Rg8+ Kf7 62. Rh8 Ke6 63. Re8+ Kd6 64.
Rd8+ Ke7 65. Rh8 Rg1+ 66. Kf2 Rg2+ 67. Kf3 Ra2 68. Rxh3 Kf6 69. Rh8 Ra3+ 70.
Kf4 Ra4+ 71. Kf3 Kg5 72. Rg8+ 1/2-1/2

[Event "SR Extraliga 2016/2017"]
[Site "?"]
[Date "2017.01.15"]
[Round "6.3"]
[White "Ftacnik, Lubomir"]
[Black "Haring, Viktor"]
[Result "1-0"]
[WhiteElo "2550"]
[BlackElo "2237"]
[PlyCount "67"]
[EventDate "2016.??.??"]

1. Nf3 d5 2. d4 c6 3. c4 Nf6 4. Nc3 e6 5. g3 Nbd7 6. Bg2 dxc4 7. a4 Bb4 8. O-O
O-O 9. Qc2 b6 10. Nd2 Ba6 11. Bxc6 Rc8 12. Bg2 Nb8 13. Nf3 Nc6 14. Rd1 Na5 15.
e4 Nb3 16. Rb1 Nxc1 17. Rbxc1 Bb7 18. Ne5 Nd7 19. Na2 Nxe5 20. Nxb4 Qe7 21.
dxe5 Qxb4 22. Rd7 Bc6 23. Rxa7 Rfd8 24. Bf1 Rd4 25. Qc3 Qc5 26. Bxc4 b5 27.
Bxe6 Qxa7 28. Bxc8 Bxe4 29. axb5 Rd3 30. Qe1 Bf3 31. Bf5 Rd8 32. Be4 Bh5 33.
Qe3 Qa2 34. Qg5 1-0

[Event "SR Extraliga 2016/2017"]
[Site "?"]
[Date "2017.01.15"]
[Round "6.4"]
[White "Haring, Filip"]
[Black "Antal, Gergely"]
[Result "0-1"]
[WhiteElo "2200"]
[BlackElo "2547"]
[PlyCount "66"]
[EventDate "2016.??.??"]

1. e4 c6 2. Nc3 d5 3. Nf3 Nf6 4. e5 Ne4 5. d3 Nxc3 6. bxc3 Bg4 7. Be2 e6 8. O-O
Be7 9. h3 Bh5 10. Rb1 Qc7 11. Nd4 Bxe2 12. Qxe2 O-O 13. f4 c5 14. Nb5 Qc6 15.
c4 d4 16. Ba3 Qd7 17. Qe4 Nc6 18. f5 exf5 19. Rxf5 Rae8 20. Rbf1 a6 21. Rh5 g6
22. Rxf7 Rxf7 23. e6 Bf8 24. Re5 Rxe6 25. Rxe6 axb5 26. cxb5 Na7 27. Re8 Qf5
28. Qe1 Nxb5 29. Bc1 Nd6 30. Rd8 Qf6 31. Rb8 Nf5 32. Ba3 Kg7 33. Qe4 Ne3 0-1

[Event "SR Extraliga 2016/2017"]
[Site "?"]
[Date "2017.01.15"]
[Round "6.5"]
[White "Pacher, Milan"]
[Black "Lisko, Frantisek"]
[Result "1-0"]
[WhiteElo "2472"]
[BlackElo "2230"]
[PlyCount "51"]
[EventDate "2016.??.??"]

1. e4 c6 2. d4 d5 3. e5 Bf5 4. h4 h5 5. Bd3 Bxd3 6. Qxd3 Qa5+ 7. Nd2 e6 8. Ne2
Qa6 9. c4 Nd7 10. b3 Ne7 11. Bb2 Nf5 12. Ng3 g6 13. Nxf5 gxf5 14. O-O O-O-O 15.
a4 Bh6 16. f4 Rhg8 17. b4 dxc4 18. Nxc4 Kb8 19. Qb3 b6 20. Nd6 Rxg2+ 21. Kxg2
Qe2+ 22. Kh1 Qg4 23. Ra3 Rg8 24. Qh3 Qe2 25. Qf3 Qxb2 26. Qxc6 1-0

[Event "SR Extraliga 2016/2017"]
[Site "?"]
[Date "2017.01.15"]
[Round "6.6"]
[White "Magat, Jozef"]
[Black "Zetocha, Claudiu"]
[Result "1/2-1/2"]
[WhiteElo "2070"]
[BlackElo "2337"]
[PlyCount "51"]
[EventDate "2016.??.??"]

1. d4 Nf6 2. Nf3 e6 3. c4 d5 4. Nc3 Be7 5. Bg5 O-O 6. e3 h6 7. Bh4 b6 8. cxd5
Nxd5 9. Bxe7 Qxe7 10. Nxd5 exd5 11. Rc1 Be6 12. Ne5 c5 13. Be2 Rc8 14. O-O Nd7
15. Nxd7 Qxd7 16. dxc5 bxc5 17. Rc3 d4 18. Ra3 Rab8 19. b3 Rd8 20. exd4 cxd4
21. Bd3 Rb6 22. Qd2 Rd6 23. Rd1 Qb7 24. Ra4 Bd7 25. Rb4 Qa8 26. Qf4 1/2-1/2

[Event "SR Extraliga 2016/2017"]
[Site "?"]
[Date "2017.01.15"]
[Round "6.7"]
[White "Briestensky, Rastislav"]
[Black "Vrchovsky, Viliam"]
[Result "1-0"]
[WhiteElo "2325"]
[BlackElo "1955"]
[PlyCount "41"]
[EventDate "2016.??.??"]

1. e4 c6 2. d4 d5 3. Nc3 dxe4 4. Nxe4 Bf5 5. Ng3 Nf6 6. Nxf5 Qa5+ 7. c3 Qxf5 8.
Nf3 Nbd7 9. Bd3 Qe6+ 10. Be2 h6 11. O-O g5 12. Re1 Qd6 13. Qb3 O-O-O 14. Ne5
Rh7 15. Nxf7 Rxf7 16. Qxf7 Nb6 17. Be3 Nbd5 18. Bf3 Kb8 19. Bd2 Qc7 20. g3 a5
21. Rad1 1-0

[Event "SR Extraliga 2016/2017"]
[Site "?"]
[Date "2017.01.15"]
[Round "6.8"]
[White "Kaniok, Jan"]
[Black "Petran, Peter"]
[Result "0-1"]
[WhiteElo "1889"]
[BlackElo "2314"]
[PlyCount "98"]
[EventDate "2016.??.??"]

1. e4 g6 2. d4 Bg7 3. c3 d6 4. Nf3 Nf6 5. Bd3 O-O 6. O-O Nbd7 7. Nbd2 e5 8.
dxe5 dxe5 9. Re1 b6 10. Nf1 Bb7 11. b4 Nh5 12. Bg5 Qe8 13. Qb3 h6 14. Be3 Qe7
15. Bc2 a5 16. a4 Ndf6 17. Ng3 Nxg3 18. hxg3 Rfe8 19. Bd2 Bf8 20. Rad1 Bc8 21.
Qb1 Bd7 22. Bb3 axb4 23. cxb4 Bxa4 24. Nh4 Bxb3 25. Qxb3 Qe6 26. Qc3 c6 27. f3
Ra4 28. Rb1 b5 29. Rec1 Rc8 30. Be3 Nd7 31. Rb2 Nb8 32. Qd2 h5 33. Bc5 Bg7 34.
Rd1 Na6 35. Qe3 Nxc5 36. Qxc5 Bf8 37. Qc3 c5 38. Rc1 c4 39. Rd1 Qe7 40. Rd5
Rxb4 41. Rxe5 Qa7+ 42. Kh2 Rxb2 43. Qxb2 c3 44. Qc1 b4 45. Rxh5 Qb6 46. Rg5 b3
47. Qf4 c2 48. Qf5 c1=Q 49. Rxg6+ fxg6 0-1

[Event "SR Extraliga 2016/2017"]
[Site "?"]
[Date "2017.01.15"]
[Round "6.1"]
[White "Oleksiyenko, Mykhaylo"]
[Black "Mazur, Stefan"]
[Result "1-0"]
[WhiteElo "2638"]
[BlackElo "2468"]
[PlyCount "51"]
[EventDate "2016.??.??"]

1. e4 e5 2. Nf3 Nc6 3. Bb5 a6 4. Ba4 Nge7 5. O-O g6 6. c3 Bg7 7. d4 exd4 8.
cxd4 d5 9. exd5 Nxd5 10. Bg5 Qd6 11. Nbd2 O-O 12. Nc4 Qb4 13. Rc1 Nb6 14. Nxb6
cxb6 15. d5 Ne5 16. Nxe5 Bxe5 17. Re1 Bd6 18. Bb3 Bg4 19. f3 Bf5 20. g4 Bd7 21.
Re4 Qa5 22. Bd2 f5 23. Bxa5 fxe4 24. Bb4 Bxb4 25. d6+ Kg7 26. Qd4+ 1-0

[Event "SR Extraliga 2016/2017"]
[Site "?"]
[Date "2017.01.15"]
[Round "6.2"]
[White "Caletka, Radomir"]
[Black "Erdos, Viktor"]
[Result "0-1"]
[WhiteElo "2372"]
[BlackElo "2599"]
[PlyCount "78"]
[EventDate "2016.??.??"]

1. c4 g6 2. d4 Nf6 3. Nc3 d5 4. cxd5 Nxd5 5. e4 Nxc3 6. bxc3 Bg7 7. Nf3 c5 8.
Be3 Qa5 9. Qd2 O-O 10. Rc1 Nd7 11. Bd3 e5 12. d5 b5 13. O-O c4 14. Bb1 Qa3 15.
Bh6 Qd6 16. Bxg7 Kxg7 17. Nh4 f6 18. Bc2 a5 19. Qe3 Rf7 20. Bd1 Nc5 21. Be2 Bd7
22. g3 Re8 23. Rfe1 Nb7 24. Rb1 Qc5 25. Qd2 Nd6 26. Bf1 Rb8 27. Kh1 b4 28. Qe2
Rff8 29. Rec1 b3 30. Bg2 Qa3 31. axb3 cxb3 32. c4 Qc5 33. f4 a4 34. Qd3 Rfe8
35. f5 Rb4 36. Bf1 Reb8 37. fxg6 hxg6 38. Nf3 a3 39. Re1 Rxc4 0-1

[Event "SR Extraliga 2016/2017"]
[Site "?"]
[Date "2017.01.15"]
[Round "6.3"]
[White "Vajda, Levente"]
[Black "Rojicek, Vojtech"]
[Result "1-0"]
[WhiteElo "2591"]
[BlackElo "2409"]
[PlyCount "53"]
[EventDate "2016.??.??"]

1. Nf3 d5 2. g3 c6 3. Bg2 Nf6 4. O-O Bf5 5. b3 h6 6. Bb2 e6 7. d3 Be7 8. Nbd2
O-O 9. Re1 a5 10. a3 Na6 11. e4 Bh7 12. Qe2 Re8 13. h3 Nc5 14. e5 Nfd7 15. Nh2
b5 16. Ndf1 Nb6 17. f4 Rc8 18. Nf3 Ncd7 19. d4 c5 20. Qxb5 c4 21. Ne3 a4 22.
bxa4 Ra8 23. a5 Nc8 24. Bc3 Na7 25. Qb7 Qc8 26. Reb1 Kf8 27. Nd2 1-0

[Event "SR Extraliga 2016/2017"]
[Site "?"]
[Date "2017.01.15"]
[Round "6.4"]
[White "Plachetka, Jan"]
[Black "Petenyi, Tamas"]
[Result "0-1"]
[WhiteElo "2365"]
[BlackElo "2438"]
[PlyCount "102"]
[EventDate "2016.??.??"]

1. e4 g6 2. d4 Bg7 3. Nc3 d6 4. Be3 Nc6 5. Qd2 e5 6. Nf3 exd4 7. Nxd4 Nf6 8. f3
O-O 9. O-O-O Nxd4 10. Bxd4 Be6 11. Kb1 Qe7 12. h4 Rad8 13. Nd5 Bxd5 14. exd5 c5
15. Bc3 Nd7 16. Bxg7 Kxg7 17. Re1 Qf6 18. h5 g5 19. h6+ Kh8 20. Re4 Ne5 21. Be2
Rde8 22. Qc3 a6 23. g3 Nd7 24. Qe3 Rxe4 25. Qxe4 Qe5 26. Qxe5+ Nxe5 27. Kc1 Nd7
28. Kd2 Nf6 29. c4 g4 30. fxg4 Ne4+ 31. Kc2 Nxg3 32. Rh2 f5 33. gxf5 Nxf5 34.
Kd2 Nd4 35. Bg4 Rf6 36. Kd3 b6 37. Ke4 Kg8 38. b4 Kf7 39. a4 a5 40. bxa5 bxa5
41. Bh5+ Ke7 42. Bg4 Rf1 43. Rb2 Kf6 44. Rb7 Kg5 45. Bc8 Kxh6 46. Rb6 Rf6 47.
Ra6 Kg5 48. Rxa5 Rf4+ 49. Kd3 Rf3+ 50. Ke4 Nb3 51. Ra7 Nd2# 0-1

[Event "SR Extraliga 2016/2017"]
[Site "?"]
[Date "2017.01.15"]
[Round "6.5"]
[White "Bokros, Albert"]
[Black "Cech, Pavel"]
[Result "1/2-1/2"]
[WhiteElo "2496"]
[BlackElo "2356"]
[PlyCount "82"]
[EventDate "2016.??.??"]

1. e4 e6 2. Qe2 c5 3. Nf3 Nc6 4. g3 g6 5. Bg2 Bg7 6. O-O Nge7 7. c3 O-O 8. d3
b6 9. Re1 Ba6 10. a4 d6 11. Na3 Ne5 12. Rd1 Nxf3+ 13. Bxf3 Nc6 14. Bg2 Qd7 15.
Qc2 Rac8 16. Nb5 Na5 17. Na3 d5 18. exd5 exd5 19. Bf4 d4 20. c4 Bb7 21. Bxb7
Qxb7 22. Nb5 Rc6 23. Re1 Qd7 24. Bd2 a6 25. Na3 Nb7 26. a5 Nxa5 27. Bxa5 bxa5
28. Nb1 Re6 29. Nd2 Rb8 30. Rf1 Re5 31. Rxa5 Qh3 32. Ne4 f5 33. f4 fxe4 34.
fxe5 exd3 35. Qg2 Qxg2+ 36. Kxg2 Rxb2+ 37. Kh3 Bxe5 38. Rxc5 Re2 39. Rd1 d2 40.
Kg4 d3 41. Rd5 Bc3 1/2-1/2

[Event "SR Extraliga 2016/2017"]
[Site "?"]
[Date "2017.01.15"]
[Round "6.6"]
[White "Hrabusa, Matej"]
[Black "Meszaros, Michal"]
[Result "1/2-1/2"]
[WhiteElo "2310"]
[BlackElo "2371"]
[PlyCount "73"]
[EventDate "2016.??.??"]

1. d4 g6 2. e4 Bg7 3. Nc3 d6 4. f4 a6 5. Nf3 b5 6. Bd3 Nd7 7. Be3 Bb7 8. Qe2 c5
9. dxc5 Nxc5 10. Bxc5 dxc5 11. e5 Nh6 12. Be4 Qb6 13. a4 O-O 14. Bxb7 Qxb7 15.
axb5 axb5 16. O-O c4 17. Qe4 Qb6+ 18. Qd4 Qc6 19. Nd5 Nf5 20. Rxa8 Rxa8 21. Qe4
Qc5+ 22. Kh1 Rd8 23. Rd1 e6 24. Nc3 Rxd1+ 25. Nxd1 h6 26. g4 Ne7 27. Qd4 Qc6
28. Kg2 Nd5 29. Ne3 Nxe3+ 30. Qxe3 Bf8 31. Kg3 Bc5 32. Qe2 Qd5 33. Qd2 Qe4 34.
Qd8+ Kg7 35. Qf6+ Kg8 36. Qd8+ Kg7 37. Qf6+ 1/2-1/2

[Event "SR Extraliga 2016/2017"]
[Site "?"]
[Date "2017.01.15"]
[Round "6.7"]
[White "Rachela, Milan"]
[Black "Macko, Michal"]
[Result "1-0"]
[WhiteElo "2334"]
[BlackElo "2166"]
[PlyCount "93"]
[EventDate "2016.??.??"]

1. Nf3 d5 2. g3 e6 3. Bg2 Nf6 4. O-O c5 5. d4 Nc6 6. c4 Be7 7. dxc5 Bxc5 8.
cxd5 exd5 9. Bg5 O-O 10. Nc3 Be6 11. Ne1 d4 12. Ne4 Be7 13. Bxf6 gxf6 14. Nd3
Qb6 15. Qd2 Ne5 16. Qh6 Nxd3 17. Nxf6+ Bxf6 18. Be4 Rfd8 19. Bxh7+ Kh8 20.
Bxd3+ Kg8 21. Qxf6 Rac8 22. f4 Bc4 23. Qxb6 axb6 24. Bxc4 Rxc4 25. Rac1 b5 26.
b3 Rc3 27. Kf2 b4 28. Rfe1 Kg7 29. Rcd1 Rc2 30. Rd3 Rxa2 31. Red1 Rh8 32. Kf3
Ra3 33. Rb1 Rxh2 34. Rxd4 Ra2 35. Re1 Rc2 36. Rxb4 Rc7 37. e4 Rd2 38. Re3 Rd8
39. Kg4 Rd1 40. Kf5 Rdd7 41. g4 Rc5+ 42. e5 b5 43. g5 Rd1 44. Rg3 Rd2 45. Rh3
Rd1 46. Rh6 Rd2 47. Rb6 1-0

[Event "SR Extraliga 2016/2017"]
[Site "?"]
[Date "2017.01.15"]
[Round "6.8"]
[White "Motycakova, Monika"]
[Black "Csonka, Attila Istvan"]
[Result "1/2-1/2"]
[WhiteElo "2151"]
[BlackElo "2330"]
[PlyCount "43"]
[EventDate "2016.??.??"]

1. e4 c5 2. Nf3 e6 3. d4 cxd4 4. Nxd4 Nc6 5. Nc3 Qc7 6. Be2 a6 7. O-O Nf6 8.
Be3 Bb4 9. Na4 O-O 10. Nxc6 bxc6 11. f4 d5 12. e5 Nd7 13. c4 Be7 14. Rc1 Qd8
15. Bd3 g6 16. Qc2 Rb8 17. c5 Qe8 18. Rf3 f6 19. Rg3 Kg7 20. Qd2 f5 21. Qe2 Kg8
22. Bd2 1/2-1/2

[Event "SR Extraliga 2016/2017"]
[Site "?"]
[Date "2017.01.15"]
[Round "6.1"]
[White "Gledura, Benjamin"]
[Black "Repka, Christopher"]
[Result "1-0"]
[WhiteElo "2589"]
[BlackElo "2459"]
[PlyCount "57"]
[EventDate "2016.??.??"]

1. Nf3 Nf6 2. c4 b6 3. g3 Bb7 4. Bg2 g6 5. O-O Bg7 6. d4 O-O 7. d5 d6 8. Nc3 e5
9. Ne1 a5 10. e4 Nbd7 11. Nd3 Nc5 12. Bg5 h6 13. Be3 Bc8 14. f3 Nfd7 15. Nxc5
Nxc5 16. Qd2 Kh7 17. Rae1 f5 18. f4 exf4 19. Rxf4 fxe4 20. Rh4 Bf5 21. Nxe4
Bxe4 22. Bxe4 Nxe4 23. Rxe4 Rf7 24. Re6 Qg8 25. Rxg6 Kxg6 26. Qd3+ Kh5 27. g4+
Kxg4 28. Qg6+ Kf3 29. Qg2# 1-0

[Event "SR Extraliga 2016/2017"]
[Site "?"]
[Date "2017.01.15"]
[Round "6.2"]
[White "Svoboda, Svatopluk"]
[Black "Michalik, Peter"]
[Result "0-1"]
[WhiteElo "2445"]
[BlackElo "2571"]
[PlyCount "84"]
[EventDate "2016.??.??"]

1. e4 e5 2. Nf3 Nc6 3. Bb5 a6 4. Ba4 Nf6 5. O-O Be7 6. Re1 b5 7. Bb3 O-O 8. d4
d6 9. c3 Bg4 10. Be3 Nxe4 11. Bd5 Qd7 12. Bxe4 d5 13. Bc2 e4 14. h3 Bh5 15. Ne5
Bxd1 16. Nxd7 Bxc2 17. Nxf8 Rxf8 18. Nd2 f5 19. f4 g5 20. Rf1 Bd3 21. Rf2 Nd8
22. g3 Ne6 23. Nb3 gxf4 24. gxf4 b4 25. Nc5 Nxc5 26. dxc5 bxc3 27. bxc3 Rb8 28.
Kh2 Bb1 29. Rf1 Rb2+ 30. Rf2 Rb5 31. Rf1 Bd3 32. Rf2 Bxc5 33. Rg2+ Kf8 34.
Bxc5+ Rxc5 35. Rg5 e3 36. Rg3 Rxc3 37. Rxe3 d4 38. Ree1 c5 39. Kg3 Be4+ 40. Kf2
c4 41. Rac1 Rf3+ 42. Ke2 Rxh3 0-1

[Event "SR Extraliga 2016/2017"]
[Site "?"]
[Date "2017.01.15"]
[Round "6.3"]
[White "Maslik, Miroslav"]
[Black "Repkova, Eva"]
[Result "1/2-1/2"]
[WhiteElo "2346"]
[BlackElo "2319"]
[PlyCount "89"]
[EventDate "2016.??.??"]

1. d4 Nf6 2. Nf3 b6 3. g3 Bb7 4. Bg2 e6 5. O-O Be7 6. c4 Ne4 7. Nfd2 d5 8. Nxe4
dxe4 9. Nc3 f5 10. f3 exf3 11. Bxf3 Bxf3 12. Rxf3 O-O 13. e4 c5 14. d5 Nd7 15.
exf5 Ne5 16. Rf1 exf5 17. Qe2 Bf6 18. Bf4 Ng4 19. Rae1 Bd4+ 20. Kg2 Re8 21. Qd2
Qd7 22. Nb5 Be5 23. h3 Bxf4 24. Qxf4 Nf6 25. Qxf5 Rxe1 26. Qxd7 Re2+ 27. Kf3
Nxd7 28. Kxe2 Ne5 29. b3 a6 30. Nc7 Rc8 31. Ne6 b5 32. cxb5 axb5 33. a4 bxa4
34. bxa4 c4 35. a5 c3 36. a6 Nc4 37. a7 Nb6 38. Ra1 c2 39. Rc1 Nxd5 40. Kd2 Ra8
41. Ra1 Kf7 42. Nd4 Nb4 43. Nb5 Rd8+ 44. Ke3 Na2 45. Nc7 1/2-1/2

[Event "SR Extraliga 2016/2017"]
[Site "?"]
[Date "2017.01.15"]
[Round "6.4"]
[White "Bednar, Milan"]
[Black "Federic, Jozef"]
[Result "1-0"]
[WhiteElo "2231"]
[BlackElo "2312"]
[PlyCount "63"]
[EventDate "2016.??.??"]

1. d4 d5 2. Nf3 Nf6 3. c4 c6 4. Nc3 e6 5. e3 Nbd7 6. Qc2 Bd6 7. Be2 O-O 8. O-O
dxc4 9. Bxc4 e5 10. Re1 exd4 11. exd4 Nb6 12. Bd3 h6 13. Ne5 Nbd5 14. Nxd5 Nxd5
15. Qe2 Qh4 16. Be4 Nf6 17. Bc2 Qxd4 18. Nf3 Qg4 19. h3 Qh5 20. Qd3 Qd5 21. Qc3
Qc5 22. Qd3 Rd8 23. Be3 Qd5 24. Bd4 c5 25. Bb3 Qc6 26. Rac1 Bf4 27. Qg6 Bxc1
28. Qxf7+ Kh8 29. Re7 Rg8 30. Bxf6 Be6 31. Bxg7+ Kh7 32. Bc2+ 1-0

[Event "SR Extraliga 2016/2017"]
[Site "?"]
[Date "2017.01.15"]
[Round "6.5"]
[White "Banas, Kamil"]
[Black "Istona, Martin"]
[Result "1-0"]
[WhiteElo "2209"]
[BlackElo "2234"]
[PlyCount "97"]
[EventDate "2016.??.??"]

1. d4 Nf6 2. c4 g6 3. Nc3 d5 4. Nf3 Bg7 5. Bf4 O-O 6. e3 c5 7. dxc5 Qa5 8. Qa4
Qxa4 9. Nxa4 Bd7 10. Nc3 Na6 11. cxd5 Nxc5 12. Be2 Rac8 13. O-O Rfd8 14. Rfd1
Bf5 15. Rac1 Nce4 16. Nxe4 Bxe4 17. Rxc8 Rxc8 18. d6 exd6 19. Bxd6 Rc2 20. Ba3
h6 21. Nd4 Rc8 22. f3 Bd5 23. b3 b6 24. Rc1 Rxc1+ 25. Bxc1 Nd7 26. Nb5 a5 27.
e4 Bc6 28. Be3 Bf8 29. Nc7 Bd6 30. Bb5 Bxb5 31. Nxb5 Bc5 32. Kf2 Kf8 33. Bxc5+
Nxc5 34. Ke3 Ke7 35. f4 Ne6 36. Nd4 Nc5 37. Nc6+ Kd7 38. Ne5+ Ke6 39. Nc4 Nd7
40. Kd4 h5 41. g3 Ke7 42. Kd5 Nf6+ 43. Kc6 Nxe4 44. Kxb6 Nc3 45. a4 h4 46. Nxa5
h3 47. Nc6+ Kd6 48. Ne5 Nd5+ 49. Kb7 1-0